[Event "5. HSK Oster-Open 2019"]
[Site "Hamburg"]
[Date "2019.04.19"]
[Round "2.29"]
[White "Echt, Pascal"]
[Black "Rennspieß, Jens"]
[Result "0-1"]
[WhiteElo "1372"]
[BlackElo "1703"]
[PlyCount "110"]
[EventDate "2019.04.19"]

1. d4 Nf6 2. c4 g6 3. Nf3 Bg7 4. g3 d6 5. Bg2 O-O 6. O-O c6 7. Nc3 Bf5 8. Qb3
Qc8 9. Bg5 Na6 10. Rfe1 Rb8 11. e4 Bh3 12. e5 Bxg2 13. Kxg2 dxe5 14. dxe5 Ng4
15. Bxe7 Re8 16. Bd6 Ra8 17. h3 Nh6 18. c5 Nc7 19. Nd4 Ne6 20. Nxe6 Rxe6 21. f4
Nf5 22. Rad1 h6 23. Ne4 Ne7 24. Bxe7 Rxe7 25. Rd6 Rb8 26. Rxg6 b6 27. Rd6 bxc5
28. Qc3 Qa6 29. Qd2 Qxa2 30. Rd8+ Re8 31. Rxe8+ Rxe8 32. Nd6 Rb8 33. Re2 a5 34.
Qc3 Qd5+ 35. Qf3 Rb3 36. Qxd5 cxd5 37. Rc2 c4 38. Nf5 Bf8 39. h4 Kh7 40. g4 a4
41. Nd4 a3 42. bxa3 Rxa3 43. f5 Rd3 44. Nf3 Re3 45. Kf2 Bc5 46. Kg3 Bb6 47. Kf4
Re4+ 48. Kg3 Bc7 49. Kh3 Re3 50. Kg2 Bxe5 51. Nxe5 Rxe5 52. Kf3 Kg7 53. Kf4
Re4+ 54. Kf3 Kf6 55. Rxc4 Rxc4 0-1

[Event "5. HSK Oster-Open 2019"]
[Site "Hamburg"]
[Date "2019.04.19"]
[Round "2.30"]
[White "Summers, Jan"]
[Black "Fuhrmann, Jeppe"]
[Result "1-0"]
[WhiteElo "1680"]
[BlackElo "1365"]
[PlyCount "105"]
[EventDate "2019.04.19"]

1. e4 e5 2. Nf3 Nc6 3. d4 exd4 4. Nxd4 Nxd4 5. Qxd4 d6 6. Bd3 Be6 7. Nc3 Nf6 8.
O-O Be7 9. Ne2 Qd7 10. Nf4 Bg4 11. f3 Be6 12. Nxe6 fxe6 13. e5 dxe5 14. Qxd7+
Nxd7 15. Bc4 Bc5+ 16. Kh1 O-O-O 17. Bxe6 Kb8 18. Bg5 Nf6 19. Rae1 Bd6 20. Bf5
Rde8 21. Re2 Re7 22. Rfe1 h6 23. Bh4 g5 24. f4 Nh7 25. fxe5 Bb4 26. c3 Bxc3 27.
bxc3 gxh4 28. Bg6 Rg8 29. Bf5 c6 30. e6 Nf8 31. Re4 Rg5 32. Rf1 Kc7 33. Bg4 Ng6
34. Rf7 Kd6 35. Rf5 Rxf5 36. Bxf5 Nf8 37. Rxh4 Ke5 38. Bh3 Nxe6 39. Rxh6 Nf4
40. Bg4 Kd5 41. Kg1 Kc4 42. Rf6 Nd5 43. Re6 Rf7 44. Bf3 Nxc3 45. h4 a5 46. h5
Rh7 47. g4 Nxa2 48. g5 a4 49. g6 Rh8 50. g7 Rg8 51. h6 a3 52. Re7 Nc3 53. h7
1-0

[Event "5. HSK Oster-Open 2019"]
[Site "Hamburg"]
[Date "2019.04.19"]
[Round "2.31"]
[White "Lu, Yunong Elias"]
[Black "Kipke, Kevin"]
[Result "0-1"]
[WhiteElo "1358"]
[BlackElo "1684"]
[PlyCount "76"]
[EventDate "2019.04.19"]

1. e4 c5 2. Nf3 Nc6 3. d4 cxd4 4. Nxd4 e5 5. Nb3 Nf6 6. Nc3 Bb4 7. Bd3 Bxc3+ 8.
bxc3 h6 9. O-O O-O 10. f4 Re8 11. Re1 d6 12. f5 d5 13. exd5 Qxd5 14. c4 Qd8 15.
Bb2 Qc7 16. Rf1 a5 17. a3 a4 18. Nd2 Qb6+ 19. Kh1 Qxb2 20. Ne4 Nxe4 21. Bxe4
Qd4 22. Qxd4 exd4 23. Bd3 Ra5 24. f6 gxf6 25. Rxf6 Kg7 26. Raf1 Be6 27. h3 Ne5
28. R6f4 Rd8 29. Re1 Nxd3 30. cxd3 Rf5 31. Rfe4 Rf2 32. R4e2 Rxe2 33. Rxe2 Bf5
34. Rd2 Re8 35. Kg1 Re3 36. Kf2 Rxd3 37. Rxd3 Bxd3 38. c5 Kf6 0-1

[Event "5. HSK Oster-Open 2019"]
[Site "Hamburg"]
[Date "2019.04.19"]
[Round "2.32"]
[White "Grabbel, Torben Frederik"]
[Black "Grotrian, Pauline"]
[Result "1-0"]
[WhiteElo "1573"]
[BlackElo "1309"]
[PlyCount "53"]
[EventDate "2019.04.19"]

1. d4 d5 2. Nf3 Nc6 3. Bf4 Nf6 4. e3 Bf5 5. c4 e6 6. Nc3 g6 7. Bd3 Bxd3 8. Qxd3
Bg7 9. O-O O-O 10. a3 Re8 11. b4 a6 12. Rfc1 Qd7 13. cxd5 exd5 14. Ne5 Nxe5 15.
Bxe5 Rac8 16. b5 axb5 17. Nxb5 c6 18. Nd6 Qe7 19. Rab1 b5 20. Nxe8 Qxe8 21. Rc3
Nd7 22. Bxg7 Kxg7 23. Qc2 Nf6 24. Qc1 Qe7 25. Rxc6 Rb8 26. Rc5 Qe8 27. Qb2 1-0

[Event "5. HSK Oster-Open 2019"]
[Site "Hamburg"]
[Date "2019.04.19"]
[Round "2.34"]
[White "Kort, Felix"]
[Black "Meyer, Harald"]
[Result "0-1"]
[WhiteElo "1654"]
[BlackElo "1298"]
[PlyCount "104"]
[EventDate "2019.04.19"]

1. d4 Nf6 2. c4 g6 3. f3 Bg7 4. e4 d6 5. Nc3 O-O 6. Be3 Nbd7 7. Nge2 c5 8. d5
h6 9. Qd2 Kh7 10. h4 Ng8 11. g4 Ne5 12. Ng1 Nxc4 13. Bxc4 e6 14. Bg5 f6 15. Be3
e5 16. g5 h5 17. gxf6 Bxf6 18. Qf2 Rf7 19. Qg3 Bg7 20. Nh3 Bxh3 21. Rxh3 Bh6
22. Bxh6 Nxh6 23. O-O-O Qf6 24. Rg1 a6 25. Qg2 Rg7 26. Rg3 Qf4+ 27. Kc2 Rag8
28. Ne2 Qxh4 29. Rg5 Nf7 30. Rh1 Qxg5 31. Qh3 b5 32. Rg1 Qh6 33. Bxb5 axb5 34.
Ng3 Qe3 35. Rh1 Qxf3 36. Qh4 Nh6 37. Kb1 c4 38. a3 Rc8 39. Qh3 Qg4 40. Qh2 c3
41. bxc3 Rxc3 42. Kb2 Rxg3 43. Qd2 Rg2 44. Qc2 Rxc2+ 45. Kxc2 Qg2+ 46. Kb3 Qxh1
47. a4 bxa4+ 48. Kc3 Rb7 49. Kc4 Qc1+ 50. Kd3 Rb3+ 51. Ke2 Qc2+ 52. Ke1 Rb1#
0-1

[Event "5. HSK Oster-Open 2019"]
[Site "Hamburg"]
[Date "2019.04.19"]
[Round "2.37"]
[White "Krüger, Dietrich"]
[Black "Roth, Paul Konstantin"]
[Result "0-1"]
[WhiteElo "1230"]
[BlackElo "1608"]
[PlyCount "68"]
[EventDate "2019.04.19"]

1. d4 Nf6 2. Bf4 g6 3. c4 Bg7 4. e3 d6 5. Nc3 O-O 6. Bd3 Nbd7 7. h4 e5 8. Bg5
h6 9. Bxf6 Nxf6 10. h5 Nxh5 11. g4 Nf6 12. f3 exd4 13. g5 hxg5 14. exd4 Nh5 15.
Qc2 Ng3 16. Rh2 Bf5 17. O-O-O Bxd3 18. Rxd3 Nf5 19. Ne4 Bxd4 20. Nh3 f6 21. f4
g4 22. Nhf2 Bxf2 23. Qxf2 Kf7 24. Qg2 Rh8 25. Rxh8 Qxh8 26. Qxg4 Qh1+ 27. Rd1
Qxe4 28. Rg1 Nd4 29. Qd7+ Qe7 30. Qh3 Ne2+ 31. Kd2 Nxg1 32. Qh7+ Ke6 33. f5+
gxf5 34. Qg6 Nf3+ 0-1

[Event "5. HSK Oster-Open 2019"]
[Site "Hamburg"]
[Date "2019.04.20"]
[Round "3.1"]
[White "Franke, Lutz"]
[Black "Meissner, Felix"]
[Result "0-1"]
[WhiteElo "2156"]
[BlackElo "2410"]
[PlyCount "78"]
[EventDate "2019.04.19"]

1. d4 Nf6 2. c4 d6 3. Nf3 Nbd7 4. Nc3 e5 5. e4 Be7 6. Be2 O-O 7. O-O Re8 8. Re1
c6 9. Bf1 Bf8 10. Rb1 a5 11. b3 exd4 12. Nxd4 Nc5 13. f3 g6 14. Bg5 Re5 15. f4
Rxg5 16. fxg5 Ng4 17. h3 Ne5 18. Nf3 Nxf3+ 19. Qxf3 Qxg5 20. Rbd1 Qe5 21. Kh1
Bg7 22. Rc1 Bh6 23. Rcd1 Bg7 24. Rc1 h5 25. Nd1 Qg5 26. Nf2 Be5 27. Rcd1 Kg7
28. Be2 Qh4 29. Rf1 Be6 30. a3 a4 31. b4 Nb3 32. Qe3 c5 33. b5 Nd4 34. Nd3 Nxe2
35. Qxe2 Bxc4 36. Qf3 Qe7 37. Rb1 Re8 38. Rfc1 Bb3 39. Nxe5 Qxe5 0-1

[Event "5. HSK Oster-Open 2019"]
[Site "Hamburg"]
[Date "2019.04.20"]
[Round "3.2"]
[White "Pfreundt, Jakob"]
[Black "Brinkmann, Fabian"]
[Result "1-0"]
[WhiteElo "2381"]
[BlackElo "2136"]
[PlyCount "31"]
[EventDate "2019.04.19"]

1. c4 c6 2. Nc3 d5 3. e3 Nf6 4. Nf3 e6 5. b3 Be7 6. Bb2 O-O 7. d4 b6 8. Bd3 c5
9. cxd5 cxd4 10. Nxd4 Nxd5 11. Nxd5 Qxd5 12. Qg4 Bb4+ 13. Ke2 Ba6 14. Rhd1 Rc8
15. Nc6 Nxc6 16. Qxg7# 1-0

[Event "5. HSK Oster-Open 2019"]
[Site "Hamburg"]
[Date "2019.04.20"]
[Round "3.3"]
[White "Günther, Patrick"]
[Black "Tomov, Georgi"]
[Result "0-1"]
[WhiteElo "2065"]
[BlackElo "2319"]
[PlyCount "56"]
[EventDate "2019.04.19"]

1. Nf3 d5 2. g3 Nf6 3. Bg2 e6 4. c4 dxc4 5. Qa4+ Bd7 6. Qxc4 c5 7. Ne5 Nc6 8.
Nxc6 Bxc6 9. Bxc6+ bxc6 10. O-O h5 11. h4 Rb8 12. a3 Qd5 13. d3 Qxc4 14. dxc4
Ne4 15. Kg2 Be7 16. f3 Nd6 17. Nd2 Bf6 18. e3 Ke7 19. Ra2 Rb7 20. b4 cxb4 21.
axb4 Bc3 22. b5 cxb5 23. cxb5 Nxb5 24. Ne4 Bb4 25. Bd2 Bxd2 26. Nxd2 Nc3 27.
Ra3 Rc8 28. Rfa1 Rb2 0-1

[Event "5. HSK Oster-Open 2019"]
[Site "Hamburg"]
[Date "2019.04.20"]
[Round "3.4"]
[White "Lammers, Markus"]
[Black "Warns, Heiko"]
[Result "1-0"]
[WhiteElo "2318"]
[BlackElo "2092"]
[PlyCount "63"]
[EventDate "2019.04.19"]

1. d4 Nf6 2. Nf3 e6 3. e3 c5 4. c4 d5 5. Nc3 Nc6 6. a3 a6 7. cxd5 exd5 8. Be2
Bd6 9. dxc5 Bxc5 10. O-O O-O 11. b4 Ba7 12. Bb2 d4 13. Nxd4 Nxd4 14. exd4 Bxd4
15. Bf3 Rb8 16. Re1 Qb6 17. Re2 Ng4 18. Qd2 Qh6 19. h3 Qxd2 20. Rxd2 Bxc3 21.
Bxc3 Nf6 22. Be5 Ra8 23. Rad1 a5 24. b5 Re8 25. Rd8 Kf8 26. Bd6+ Kg8 27. Be7
Be6 28. Bxb7 Raxd8 29. Bxd8 Bb3 30. Rd4 a4 31. b6 Kf8 32. Bc6 1-0

[Event "5. HSK Oster-Open 2019"]
[Site "Hamburg"]
[Date "2019.04.20"]
[Round "3.6"]
[White "Bracker, Arne"]
[Black "Callsen, Niklas"]
[Result "1-0"]
[WhiteElo "2199"]
[BlackElo "2043"]
[PlyCount "121"]
[EventDate "2019.04.19"]

1. e4 e5 2. Nf3 Nc6 3. Bb5 a6 4. Ba4 Nf6 5. O-O b5 6. Bb3 Bc5 7. c3 d6 8. d4
Bb6 9. Be3 O-O 10. Nbd2 Bb7 11. d5 Ne7 12. Bxb6 cxb6 13. a4 bxa4 14. Bxa4 b5
15. Bc2 Bc8 16. Bd3 Bg4 17. h3 Bd7 18. Kh2 Ng6 19. g3 h5 20. c4 Nh7 21. cxb5
axb5 22. Qe2 Rxa1 23. Rxa1 Qc8 24. Ng1 Qc5 25. Qe3 f5 26. Qxc5 dxc5 27. exf5
Bxf5 28. Bxb5 Bd7 29. Bxd7 Rxf2+ 30. Kh1 Rxd2 31. Ra8+ Nhf8 32. Nf3 Rd1+ 33.
Kg2 Kf7 34. Ba4 Rb1 35. h4 Rxb2+ 36. Kh3 e4 37. Ng5+ Kf6 38. Re8 Ne5 39. Nxe4+
Kf5 40. Nd6+ Kf6 41. Rxe5 Kxe5 42. Nc4+ Kxd5 43. Nxb2 Kd4 44. Bd1 c4 45. Kg2 c3
46. Na4 g6 47. Bc2 Nd7 48. Kf2 Nf8 49. Nb6 Kc5 50. Nc8 Ne6 51. Bxg6 Nd4 52. Ke3
c2 53. Bxc2 Nxc2+ 54. Kf4 Nd4 55. Ne7 Ne2+ 56. Kf3 Nd4+ 57. Ke3 Nc2+ 58. Kf4
Nd4 59. Nf5 Ne6+ 60. Ke5 Nf8 61. Ng7 1-0

[Event "5. HSK Oster-Open 2019"]
[Site "Hamburg"]
[Date "2019.04.20"]
[Round "3.7"]
[White "Genov, Petar"]
[Black "Andris, Valentin"]
[Result "1-0"]
[WhiteElo "2431"]
[BlackElo "1796"]
[PlyCount "67"]
[EventDate "2019.04.19"]

1. Nf3 Nf6 2. c4 b6 3. g3 Bb7 4. Bg2 c5 5. O-O g6 6. b3 Bg7 7. Bb2 d6 8. Nc3
Nbd7 9. e3 O-O 10. Rc1 Rc8 11. Re1 a6 12. d4 e6 13. Qc2 Ne4 14. Red1 Nxc3 15.
Bxc3 cxd4 16. Bxd4 Nf6 17. Qb2 a5 18. Be5 Ne8 19. Bxg7 Nxg7 20. Rd2 Qe7 21. Qd4
Rc6 22. Nh4 d5 23. Rcd1 g5 24. cxd5 Rd6 25. Nf3 Rxd5 26. Qxb6 Rxd2 27. Rxd2
Bxf3 28. Bxf3 Qa3 29. Kg2 Nf5 30. Rc2 Kg7 31. Qc5 Qb4 32. Qe5+ Kg6 33. Be4 Qe1
34. g4 1-0

[Event "5. HSK Oster-Open 2019"]
[Site "Hamburg"]
[Date "2019.04.20"]
[Round "3.8"]
[White "Christensen, Andreas"]
[Black "Höffer, David"]
[Result "0-1"]
[WhiteElo "1841"]
[BlackElo "2314"]
[PlyCount "38"]
[EventDate "2019.04.19"]

1. e4 Nc6 2. Nf3 f5 3. exf5 d5 4. Nh4 Nh6 5. Be2 Bxf5 6. Nxf5 Nxf5 7. Bh5+ g6
8. Qg4 Nh6 9. Bxg6+ hxg6 10. Qxg6+ Nf7 11. d4 Qd7 12. c3 e5 13. O-O O-O-O 14.
f4 exd4 15. cxd4 Nxd4 16. Be3 Nf5 17. Bxa7 Bg7 18. Qg4 Bxb2 19. Nd2 Rhg8 0-1

[Event "5. HSK Oster-Open 2019"]
[Site "Hamburg"]
[Date "2019.04.20"]
[Round "3.9"]
[White "Trisic, Aleksandar"]
[Black "Apitzsch, Leon Fabian"]
[Result "1-0"]
[WhiteElo "2307"]
[BlackElo "1971"]
[PlyCount "63"]
[EventDate "2019.04.19"]

1. Nf3 Nf6 2. b3 d5 3. Bb2 g6 4. c4 c6 5. g3 Bg7 6. Bg2 O-O 7. O-O Re8 8. d3
Nbd7 9. cxd5 cxd5 10. Nc3 e5 11. Rc1 a6 12. b4 b5 13. a4 d4 14. Nb1 Nb6 15.
axb5 axb5 16. Ng5 Nfd5 17. h4 Bh6 18. Rc5 Bxg5 19. hxg5 Be6 20. Rxb5 Ra2 21.
Bc1 Qd7 22. Ra5 Nxb4 23. Rxe5 Rc8 24. Bf4 Rcc2 25. Nd2 Na4 26. Ne4 Qa7 27. e3
Nb2 28. Qg4 Bxg4 29. Re8+ Kg7 30. Be5+ f6 31. Bxf6+ Kf7 32. Nd6# 1-0

[Event "5. HSK Oster-Open 2019"]
[Site "Hamburg"]
[Date "2019.04.20"]
[Round "3.10"]
[White "Atri, Jamshid"]
[Black "Kahlert, Thomas"]
[Result "0-1"]
[WhiteElo "1942"]
[BlackElo "2174"]
[PlyCount "85"]
[EventDate "2019.04.19"]

1. e4 e5 2. f4 Nf6 3. Nc3 d5 4. fxe5 Nxe4 5. Qf3 f5 6. d3 Nxc3 7. bxc3 d4 8.
Bb2 Nc6 9. O-O-O dxc3 10. Bxc3 Be6 11. d4 Qd5 12. Qxd5 Bxd5 13. Kb2 b5 14. Ne2
b4 15. Be1 Na5 16. Nf4 c6 17. Nxd5 cxd5 18. Bd3 g6 19. h4 h5 20. g3 Be7 21. Bd2
Kf7 22. Bf4 Rhc8 23. Rhf1 Kg7 24. Rf2 Bd8 25. Bf1 Rab8 26. Bg2 Rb5 27. Bf1 Rb6
28. Bd3 Rc3 29. Bd2 Nc4+ 30. Bxc4 Rxc4 31. Be3 Rbc6 32. Rd3 Bb6 33. Re2 Kf7 34.
Red2 Ke6 35. Re2 Ba5 36. Bf2 Bb6 37. Be3 Rc3 38. Rxc3 bxc3+ 39. Kb3 Rc4 40. Re1
Bxd4 41. Bxd4 Rxd4 42. Kxc3 Rg4 43. Rb1 0-1

[Event "5. HSK Oster-Open 2019"]
[Site "Hamburg"]
[Date "2019.04.20"]
[Round "3.11"]
[White "Avdic, Faris"]
[Black "Genov, Valentin"]
[Result "1/2-1/2"]
[WhiteElo "2043"]
[BlackElo "1727"]
[PlyCount "105"]
[EventDate "2019.04.19"]

1. d4 Nf6 2. Nf3 e6 3. c4 c5 4. d5 exd5 5. cxd5 d6 6. Nc3 g6 7. e4 Bg4 8. h3
Bxf3 9. Qxf3 Bg7 10. Bb5+ Nbd7 11. Bg5 a6 12. Bxd7+ Kxd7 13. O-O h6 14. Bf4 Re8
15. Rfe1 Nh5 16. Bh2 Qf6 17. Re3 Qxf3 18. Rxf3 Re7 {(=)} 19. Na4 Rae8 20. Nb6+
Kc7 21. Nc4 Rxe4 22. Rxf7+ Kd8 23. Ne3 R8e7 24. Rxe7 Kxe7 25. Rb1 b5 26. b3 Rd4
27. Re1 Kd7 28. Re2 {(=)} Nf6 29. g4 Nxd5 30. Nxd5 Rxd5 31. Kg2 c4 32. bxc4
bxc4 33. Rc2 c3 34. Bf4 Rb5 35. Bc1 a5 36. Kf3 d5 37. Ke2 a4 38. Kd3 d4 39. f4
h5 40. Rh2 {(=)} Kd6 41. Rg2 h4 42. Rg1 Kd5 43. Ba3 Rb6 44. Re1 Re6 45. Rxe6
Kxe6 46. Ke4 Bf6 47. f5+ gxf5+ 48. gxf5+ Kd7 49. Kd3 Kc6 50. Kc4 d3 51. Kxd3
Kd5 52. Bc1 c2 53. Bf4 1/2-1/2

[Event "5. HSK Oster-Open 2019"]
[Site "Hamburg"]
[Date "2019.04.20"]
[Round "3.12"]
[White "Noack, Reiner"]
[Black "Pothast, Laurenz"]
[Result "1/2-1/2"]
[WhiteElo "2082"]
[BlackElo "1774"]
[PlyCount "66"]
[EventDate "2019.04.19"]

1. d4 Nf6 2. c4 e6 3. Nf3 d5 4. Nc3 Be7 5. Bf4 O-O 6. e3 c5 7. dxc5 Qa5 8. a3
dxc4 9. Bxc4 Qxc5 10. Qe2 b6 11. Nb5 a6 12. Nbd4 Bb7 13. O-O Nbd7 14. Rac1 Qh5
15. Ne5 Qxe2 16. Bxe2 Nxe5 17. Bxe5 Rac8 18. Bc7 Nd5 19. Bf3 Rxc7 20. Rxc7 Nxc7
21. Bxb7 Bf6 22. Rc1 Nb5 23. Nxb5 axb5 24. Rc2 Rd8 25. Kf1 Kf8 26. Ke2 Ke7 27.
b3 Rd7 28. Bc6 Ra7 29. Bxb5 Rxa3 30. Rc7+ Kf8 31. b4 Rb3 32. Rc8+ Ke7 33. Rc7+
Kf8 1/2-1/2

[Event "5. HSK Oster-Open 2019"]
[Site "Hamburg"]
[Date "2019.04.20"]
[Round "3.13"]
[White "Renger, Maik"]
[Black "Ziefle, Stefan"]
[Result "1-0"]
[WhiteElo "2029"]
[BlackElo "1722"]
[PlyCount "37"]
[EventDate "2019.04.19"]

1. d4 Nf6 2. c4 g6 3. Nc3 Bg7 4. e4 d6 5. f3 O-O 6. Be3 Nc6 7. Qd2 Re8 8. Nge2
e5 9. d5 Ne7 10. O-O-O c6 11. dxc6 Nxc6 12. Nb5 Bf8 13. Nxd6 Bxd6 14. Qxd6 Be6
15. Nc3 Qa5 16. Qc5 Rec8 17. Kb1 b5 18. Qxb5 Rcb8 19. Qxa5 1-0

[Event "5. HSK Oster-Open 2019"]
[Site "Hamburg"]
[Date "2019.04.20"]
[Round "3.14"]
[White "Lu, Siyuan"]
[Black "Kotyk, Michael"]
[Result "0-1"]
[WhiteElo "1667"]
[BlackElo "1960"]
[PlyCount "92"]
[EventDate "2019.04.19"]

1. d4 c5 2. d5 e5 3. c4 d6 4. Nc3 g6 5. e4 Bg7 6. Nf3 Ne7 7. g3 O-O 8. Bd3 h6
9. Nh4 Kh7 10. O-O a6 11. Qc2 Bh3 12. Ng2 Nd7 13. Be3 Rb8 14. a4 f5 15. f3 f4
16. Bf2 fxg3 17. Bxg3 g5 18. Rf2 h5 19. Rff1 Ng6 20. Nd1 h4 21. Be1 Nf4 22.
Nde3 Qe8 23. Rf2 Qh5 24. Nxf4 Rxf4 25. Be2 Rbf8 26. Ng2 R4f7 27. Ra3 Qg6 28.
Bd1 Nf6 29. Kh1 Bc8 30. Rf1 Nxe4 31. Re3 Nf6 32. Qxg6+ Kxg6 33. Bc2+ Kh6 34.
Bd2 Ng4 35. Rb3 h3 36. Ne1 e4 37. Bxe4 Be5 38. f4 Bxf4 39. Rxh3+ Kg7 40. Rh7+
Kg8 41. Rxf7 Rxf7 42. Bxf4 gxf4 43. Ng2 Ne3 44. Nxe3 {(=)} fxe3 45. Rxf7 Kxf7
46. Bc2 e2 0-1

[Event "5. HSK Oster-Open 2019"]
[Site "Hamburg"]
[Date "2019.04.20"]
[Round "3.15"]
[White "Aumüller, Ingo"]
[Black "Hinnenberg, Benjamin"]
[Result "1-0"]
[WhiteElo "1983"]
[BlackElo "1689"]
[PlyCount "83"]
[EventDate "2019.04.19"]

1. e4 c6 2. d4 d5 3. f3 e6 4. Nc3 Bb4 5. Bf4 Nf6 6. e5 Nfd7 7. Bg3 c5 8. a3 Ba5
9. dxc5 Bxc3+ 10. bxc3 Qa5 11. Qd2 Nc6 12. f4 Nxc5 13. Bd3 d4 14. cxd4 Qxd2+
15. Kxd2 Nxd4 16. Ke3 Nc6 17. Be2 Bd7 18. Bf3 O-O-O 19. Ne2 Na5 20. Bh4 Rde8
21. Rhd1 Kb8 22. Nc3 Rc8 23. Ne4 Bb5 24. Nd6 Nc4+ 25. Nxc4 Bxc4 26. Be7 Ba6 27.
Rab1 Rhe8 28. Bd6+ Ka8 29. Bxc5 Rxc5 30. Rd7 Rb8 31. Rxf7 Rxc2 32. Rb3 g5 33.
fxg5 Rc5 34. Rxh7 Rxe5+ 35. Kf4 Rf5+ 36. Kg4 Rg8 37. h4 Rgf8 38. Bxb7+ Bxb7 39.
Rbxb7 Ra5 40. Rbe7 e5 41. Kh5 Ra6 42. Rxe5 1-0

[Event "5. HSK Oster-Open 2019"]
[Site "Hamburg"]
[Date "2019.04.20"]
[Round "3.16"]
[White "Koch, Ralf-Johannes"]
[Black "Streich, Justus"]
[Result "0-1"]
[WhiteElo "1730"]
[BlackElo "1963"]
[PlyCount "54"]
[EventDate "2019.04.19"]

1. e4 e5 2. Nf3 Nc6 3. Bc4 Bc5 4. c3 Nf6 5. d3 O-O 6. Bb3 d5 7. Nbd2 Bg4 8. h3
Bh5 9. Qe2 dxe4 10. dxe4 Qe7 11. Nf1 Rad8 12. Ng3 Bg6 13. O-O Rd7 14. Bg5 h6
15. Nh4 Bh7 16. Nhf5 Bxf5 17. Nxf5 Qd8 18. Bc1 Ne7 19. Ng3 Ng6 20. Bc2 c6 21.
Nf5 Nf4 22. Qf3 N6h5 23. Kh2 Nf6 24. Bxf4 exf4 25. Rad1 Rxd1 26. Bxd1 Qc7 27.
Qe2 f3+ 0-1

[Event "5. HSK Oster-Open 2019"]
[Site "Hamburg"]
[Date "2019.04.20"]
[Round "3.17"]
[White "Rennspieß, Jens"]
[Black "Krause, Max"]
[Result "0-1"]
[WhiteElo "1703"]
[BlackElo "1934"]
[PlyCount "80"]
[EventDate "2019.04.19"]

1. e4 c5 2. Nf3 Nc6 3. d4 cxd4 4. Nxd4 g6 5. Nc3 Bg7 6. Be3 Nf6 7. f3 O-O 8.
Qd2 d5 9. Nxc6 bxc6 10. e5 Nd7 11. e6 fxe6 12. Bh6 Qc7 13. O-O-O Rb8 14. Bxg7
Kxg7 15. h4 Qf4 16. Qxf4 Rxf4 17. Ne2 Rfb4 18. b3 c5 19. a3 R4b6 20. g3 Nf6 21.
Nf4 Rd6 22. h5 e5 23. h6+ Kg8 24. Nd3 e4 25. Ne5 exf3 26. Nxf3 Bg4 27. Rd3 Bf5
28. Re3 Be4 29. Rh4 Bxf3 30. Rxf3 e5 31. Ra4 Rb7 32. Ra5 Rc7 33. Rb5 Kf7 34.
Rb8 e4 35. Rf4 Ke6 36. Rf8 Ke5 37. Bh3 d4 38. Kd1 d3 39. c3 e3 40. Rc4 e2+ 0-1

[Event "5. HSK Oster-Open 2019"]
[Site "Hamburg"]
[Date "2019.04.20"]
[Round "3.18"]
[White "Schulze, Mario"]
[Black "Fuhrmann, Bahne"]
[Result "1/2-1/2"]
[WhiteElo "1932"]
[BlackElo "1662"]
[PlyCount "60"]
[EventDate "2019.04.19"]

1. e4 e5 2. Nf3 Nc6 3. Bb5 a6 4. Ba4 Bc5 5. c3 Nf6 6. Bc2 d5 7. exd5 Qxd5 8. d4
exd4 9. O-O O-O 10. Bb3 Qd6 11. cxd4 Nxd4 12. Nxd4 Qxd4 13. Qc2 Qe5 14. Qc3 Bd4
15. Qg3 Qxg3 16. hxg3 Ne4 17. Nc3 Nxg3 18. Re1 Bg4 19. Be3 Nf5 20. Bf4 c6 21.
Kf1 Bh5 22. f3 Bg6 23. Rad1 Rad8 24. g3 h6 25. Kg2 Bxc3 26. bxc3 Rxd1 27. Rxd1
Re8 28. Kf2 Kh7 29. g4 Ne7 30. Rd7 Nd5 1/2-1/2

[Event "5. HSK Oster-Open 2019"]
[Site "Hamburg"]
[Date "2019.04.20"]
[Round "3.19"]
[White "Kipke, Kevin"]
[Black "Reher, Wolfgang"]
[Result "1-0"]
[WhiteElo "1684"]
[BlackElo "1906"]
[PlyCount "61"]
[EventDate "2019.04.19"]

1. e4 e6 2. d3 c5 3. Nf3 Nc6 4. Nbd2 d5 5. g3 Nf6 6. Bg2 Be7 7. O-O O-O 8. Re1
Qc7 9. Qe2 Nb4 10. Nf1 dxe4 11. dxe4 e5 12. c3 Nc6 13. Ne3 Rd8 14. Nh4 g6 15.
Nd5 Qd6 16. Nxe7+ Qxe7 17. Bg5 b6 18. f4 Kg7 19. fxe5 Nxe5 20. Rf1 Rd6 21. Rad1
Re6 22. Nf5+ gxf5 23. exf5 Rc6 24. Rfe1 Bb7 25. Bxc6 Bxc6 26. Qxe5 Qxe5 27.
Rxe5 Ng4 28. Re7 h6 29. Bh4 Re8 30. Rd6 Ne5 31. Bf6+ 1-0

[Event "5. HSK Oster-Open 2019"]
[Site "Hamburg"]
[Date "2019.04.20"]
[Round "3.20"]
[White "Raedisch, Peter"]
[Black "Schwarzkopf, Jörg"]
[Result "0-1"]
[WhiteElo "1660"]
[BlackElo "1857"]
[PlyCount "122"]
[EventDate "2019.04.19"]

1. e4 c5 2. Nf3 Nc6 3. Bc4 e6 4. c3 d5 5. exd5 exd5 6. Bb3 Nf6 7. d4 Qe7+ 8.
Qe2 Qxe2+ 9. Kxe2 Bf5 10. Re1 O-O-O 11. Kf1 c4 12. Ba4 Bd6 13. h3 h6 14. Ne5
Bxe5 15. dxe5 Bd3+ 16. Kg1 Nd7 17. f4 Nc5 18. Bd1 Rhg8 19. Na3 g5 20. fxg5 hxg5
21. Bg4+ Kb8 22. Nb5 Ne4 23. e6 Rgf8 24. Nd4 Nxd4 25. cxd4 fxe6 26. Bxe6 Rd6
27. Bg4 Rdf6 28. Be3 Rb6 29. Bc1 Rbf6 30. Be3 b5 31. a3 Kc7 32. Bf3 Rxf3 33.
gxf3 Rxf3 34. Kg2 Rg3+ 35. Kh2 Kd6 36. Rad1 Ke6 37. Bf2 Rf3 38. Be3 Kf5 39. Kg2
Rg3+ 40. Kh2 Kg6 41. Rd2 Rxe3 42. Rxe3 Nxd2 43. Re6+ Kh5 44. Ra6 Nf3+ 45. Kg3
Nxd4 46. Rxa7 Ne2+ 47. Kf3 Nf4 48. Kg3 Bf5 49. Rb7 Bxh3 50. Rxb5 d4 51. Rb8 d3
52. Rd8 Be6 53. Rh8+ Kg6 54. Rh1 Bd5 55. Rd1 Kf5 56. Rd2 Ne2+ 57. Kf2 g4 58.
Ke3 g3 59. a4 g2 60. Rd1 g1=Q+ 61. Rxg1 Nxg1 0-1

[Event "5. HSK Oster-Open 2019"]
[Site "Hamburg"]
[Date "2019.04.20"]
[Round "3.21"]
[White "Solar, Peter"]
[Black "Summers, Jan"]
[Result "1/2-1/2"]
[WhiteElo "1806"]
[BlackElo "1680"]
[PlyCount "59"]
[EventDate "2019.04.19"]

1. d4 d5 2. c4 c6 3. cxd5 cxd5 4. Nf3 Bf5 5. Nc3 e6 6. Qb3 Nc6 7. Qxb7 Qc8 8.
Qxc8+ Rxc8 9. a3 Na5 10. Bf4 Nc4 11. Rc1 Nxb2 12. e4 dxe4 13. Bb5+ Ke7 14. Ne5
Nd3+ 15. Bxd3 exd3 16. g4 f6 17. gxf5 fxe5 18. Bxe5 Rd8 19. fxe6 Kxe6 20. Kd2
Nf6 21. Rhe1 Kf5 22. Bxf6 gxf6 23. Kxd3 Bxa3 24. Ra1 Bc5 25. Ra5 Rxd4+ 26. Ke2
Rc8 27. Na4 Rc4 28. Kd3 Rd4+ 29. Ke2 Rc4 30. Kd3 1/2-1/2

[Event "5. HSK Oster-Open 2019"]
[Site "Hamburg"]
[Date "2019.04.20"]
[Round "3.22"]
[White "Roth, Paul Konstantin"]
[Black "Grabbel, Lennart Christian"]
[Result "0-1"]
[WhiteElo "1608"]
[BlackElo "1819"]
[PlyCount "102"]
[EventDate "2019.04.19"]

1. d4 d5 2. c4 c6 3. Nf3 Nf6 4. Nc3 a6 5. a4 Bf5 6. cxd5 cxd5 7. Ne5 e6 8. e3
Bd6 9. Bd3 Bxd3 10. Qxd3 O-O 11. Bd2 Nc6 12. Nxc6 bxc6 13. Rc1 Qb6 14. O-O c5
15. Ne2 c4 16. Qc2 Ne4 17. Be1 Rab8 18. Rb1 Qb3 19. Qxb3 Rxb3 20. Nc3 Nxc3 21.
Bxc3 Bb4 22. Rfc1 Rb8 23. Ra1 a5 24. g3 g6 25. Kg2 Bxc3 26. bxc3 Rb2 27. Kf1
Rd2 28. Rd1 Rxd1+ 29. Rxd1 Rb3 30. Ra1 Rxc3 31. Ke2 Rc2+ 32. Ke1 Rb2 33. h4 Kf8
34. Ra3 Ke7 35. Ra1 Kd6 36. Kf1 f6 37. Kg2 e5 38. Kf3 e4+ 39. Kg2 h5 40. Kg1
Ke6 41. g4 hxg4 42. Kg2 Kf5 43. Kg3 Ke6 44. Kg2 f5 45. Kg3 Kf6 46. Kg2 g5 47.
h5 Kg7 48. Kg3 Kh6 49. Kg2 f4 50. Ra3 g3 51. exf4 gxf4 0-1